000 01464nam a2200373Ia 4500
001 ebr10054928
003 CaPaEBR
006 m u
007 cr cn|||||||||
008 980116s1998 nyu sb 001 0 eng d
010 _z 98009480
020 _z020300700X
020 _z0415055318 (hardcover)
020 _z0415055326 (pbk.)
040 _aCaPaEBR
_cCaPaEBR
035 _a(OCoLC)560127591
050 1 4 _aHD6134
_b.S54 1998eb
082 0 4 _a331.4/094
_221
100 1 _aSimonton, Deborah,
_d1948-
245 1 2 _aA history of European women's work
_h[electronic resource] :
_b1700 to the present /
_cDeborah Simonton.
260 _aNew York :
_bRoutledge,
_c1998.
300 _axii, 337 p.
504 _aIncludes bibliographical references (p.294-325) and index.
533 _aElectronic reproduction.
_bPalo Alto, Calif. :
_cebrary,
_d2011.
_nAvailable via World Wide Web.
_nAccess may be limited to ebrary affiliated libraries.
650 0 _aWomen
_xEmployment
_zEurope
_xHistory.
650 0 _aRural women
_xEmployment
_zEurope
_xHistory.
650 0 _aWomen household employees
_zEurope
_xHistory.
650 0 _aWomen farmers
_zEurope
_xHistory.
650 0 _aHousewives
_zEurope
_xHistory.
650 0 _aHome economics
_zEurope
_xHistory.
655 7 _aElectronic books.
_2local
710 2 _aebrary, Inc.
856 4 0 _uhttp://site.ebrary.com/lib/rucke/Doc?id=10054928
_zAn electronic book accessible through the World Wide Web; click to view
999 _c63594
_d63594